00281 a2200121 4500001000700000020001800007040003500025100002000060240003200080245002700112300001100139362000900150156796 a9788535930825 cEscola São Tomás de Aquino aBATALHA, Martha10aNunca houve um castelolpor10aNunca houve um castelo a215 p.0 a2018